000 00720nam a22002417a 4500
003 0
005 20260105143950.0
008 241227b xxu||||| |||| 00| 0 eng d
020 _a978-81-19920-37-2
050 _aG 155
_b.C66 2024
100 _aCooper, Lean
245 _aTourism planning
_bpolicies, processes, and relationships
_cLean Copper
250 _aFirst edition
260 _aNew Delhi, India
_bVenus Books
_c2024
300 _ax, 238 pages :
_c24cm.
504 _aIncludes bibliographical references and index.
650 _aTourism planning.
650 _aTourism system.
650 _aMarketing process--tourism
650 _aTourism development.
650 _aTourism.
942 _2lcc
_cBK
999 _c366843
_d366843